|
|
|
|
| LEADER |
00904nam a2200265 4500 |
| 001 |
DLU210196502 |
| 005 |
##20210531 |
| 040 |
# |
# |
|a DLU
|b vie
|
| 041 |
# |
# |
|a vie
|
| 044 |
# |
# |
|a vn
|
| 100 |
# |
# |
|a Lưu Thúy Hồng.
|
| 245 |
# |
# |
|a Cục diện thế giới hiện nay và hàm ý chính sách đối ngoại cho Việt Nam /
|c Lưu Thúy Hồng.
|
| 653 |
# |
# |
|a Chính sách đối ngoại
|
| 653 |
# |
# |
|a Hoạt động đối ngoại
|
| 653 |
# |
# |
|a Quan hệ quốc tế
|
| 653 |
# |
# |
|a Việt Nam
|
| 773 |
# |
# |
|t Tạp chí Khoa học xã hội Việt Nam
|g Số 4, 2019, tr. 20-26
|
| 920 |
# |
# |
|a Phòng Tạp chí -- Trung tâm Thông tin - Thư viện Trường Đại học Đà Lạt
|
| 900 |
# |
# |
|a True
|
| 911 |
# |
# |
|a Hoàng Thị Huyền
|
| 925 |
# |
# |
|a G
|
| 926 |
# |
# |
|a A
|
| 927 |
# |
# |
|a BB
|
| 980 |
# |
# |
|a Thư viện Trường Đại học Đà Lạt
|